Loading...
| Current Events | 2 | 10.00 | 100% | 0% | 0% |
| Fine Arts - Classical Music | 6 | 10.00 | 83% | 0% | 17% |
| Fine Arts - Other Fine Arts | 9 | 15.56 | 89% | 56% | 11% |
| Fine Arts - Painting and Sculpture | 6 | 16.67 | 100% | 67% | 0% |
| Geography | 1 | 20.00 | 100% | 100% | 0% |
| History - American History | 6 | 10.00 | 100% | 0% | 0% |
| History - European History | 5 | 20.00 | 100% | 100% | 0% |
| History - Other History | 5 | 16.00 | 80% | 60% | 20% |
| History - World History | 4 | 22.50 | 100% | 75% | 50% |
| Literature - American Literature | 7 | 11.43 | 86% | 14% | 14% |
| Literature - British Literature | 4 | 12.50 | 75% | 25% | 25% |
| Literature - European Literature | 6 | 13.33 | 83% | 33% | 17% |
| Literature - World Literature | 3 | 13.33 | 100% | 33% | 0% |
| Mythology | 6 | 16.67 | 100% | 67% | 0% |
| Philosophy | 4 | 12.50 | 100% | 25% | 0% |
| Pop Culture | 2 | 15.00 | 100% | 50% | 0% |
| Religion | 6 | 10.00 | 83% | 17% | 0% |
| Science - Biology | 6 | 15.00 | 83% | 67% | 0% |
| Science - Chemistry | 5 | 14.00 | 100% | 40% | 0% |
| Science - Other Science | 5 | 14.00 | 100% | 20% | 20% |
| Science - Physics | 6 | 16.67 | 100% | 50% | 17% |
| Social Science | 6 | 13.33 | 83% | 50% | 0% |